Sociálne práva upravené v charte základných práv Európskej únie

Všeobecný systém ochrany sociálnych práv občanov je upravený v Charte základných práv Európskej únie, ktorá má význam pre Slovenskú republiku a aj pre jej samotných občanov. Systém ochrany sociálnych práv s poukázaním na zodpovednosť štátu za plnenie záväzkov vyplývajúcich z členstva v Európskej úni...

Full description

Saved in:
Bibliographic Details
Main Author: Nováčková, Daniela
Format: Book Chapter
Language:Slovak
Subjects:
Tags: Add Tag
No Tags, Be the first to tag this record!

MARC

LEADER 00000nla a2200000 4500
001 0161269
005 20220323094606.5
041 0 |a slo 
044 |a SK 
245 1 0 |a Sociálne práva upravené v charte základných práv Európskej únie  |c Daniela Nováčková 
520 |a Všeobecný systém ochrany sociálnych práv občanov je upravený v Charte základných práv Európskej únie, ktorá má význam pre Slovenskú republiku a aj pre jej samotných občanov. Systém ochrany sociálnych práv s poukázaním na zodpovednosť štátu za plnenie záväzkov vyplývajúcich z členstva v Európskej únii. 
610 2 0 |a práva ľudské 
610 2 0 |a subjekty práva medzinárodného 
610 2 0 |a ochrana ľudských práv 
610 2 0 |a dohody medzinárodné 
610 2 0 |a Európska únia 
610 2 0 |a Slovensko 
100 1 |a Nováčková, Daniela